000 01008nam a22003017i 4500
999 _c200429064
_d46988
001 200429064
003 TR-AnTOB
005 20230303222049.0
007 ta
008 180305s2017 xxua|||| ||||o01| 0 tur d
020 _a9789751968180
040 _aTR-AnTOB
_beng
_cTR-AnTOB
_erda
041 _atur
050 0 _aDR436
090 _aDR436
_b.O86 2017
245 _aArşiv belgelerine göre Osmanlı'da istihbarat /
_cYayına hazırlayanlar: Kemal Gurulkan [and six others].
264 _aAnkara ;
_bT.C Başbakanlık Devlet Arşivleri Genel Müdürlüğü,
_c2017.
300 _a445 pages ;
_billustrations,
_c31 cm
336 _atext
_2rdacontent
_btxt
337 _aunmediated
_2rdamedia
_bn
338 _avolume
_2rdacarrier
_bnc
650 0 _aSecret service
_968598
650 7 _aGizli servis
_zTürkiye
_2etutrkob
_910819
651 _aTürkiye
_xTarih
_yOsmanlı İmparatorluğu, 1288-1918
_vKaynaklar
_925777
700 _aGurulkan, Kemal
_943270
942 _2lcc
_cBK